Lectura sociohistórica y simbólica de El luto humano de José Revueltas /
Saved in:
| Main Author: | |
|---|---|
| Format: | Unknown |
| Subjects: | |
| Tags: |
Add Tag
No Tags, Be the first to tag this record!
|
MARC
| LEADER | 000000000a22000000004500 | ||
|---|---|---|---|
| 001 | 005753 | ||
| 100 | 1 | |a Castro Villalobos, María de los Ángeles | |
| 245 | 1 | 0 | |a Lectura sociohistórica y simbólica de El luto humano de José Revueltas / |c María de los Ángeles Castro Villalobos. |
| 310 | |a Semestral | ||
| 650 | 4 | |a EL LUTO HUMANO | |
| 650 | 4 | |a REVUELTAS, JOSE | |
| 650 | 4 | |a LITERATURA MEXICANA | |
| 650 | 4 | |a NOVELA | |
| 650 | 4 | |a CRÍTICAS | |
| 773 | 0 | |d Heredia, Costa Rica : Editorial de la Universidad Nacional |t Letras |g número 27-28 (1991-1992), páginas 69-85 | |
| 942 | |c ARC | ||
| 999 | |c 12507 |d 12507 | ||
